00357nam a2200133Ia 45000010005000000080041000050200023000460820017000691000015000862450032001012600048001339010027001819990015002083328241024s9999 xx 000 0 und d a978-9945-87-40-8-2 aRD/972/B742d aJuan Bosch 0aDavid Biografía de un rey bSanto Domingo, República Dominicanac2012 a8/10/2013 9:25:01 p.m. c7538d7538